Statistics for European Knowledge #3

Click here to take the quiz!

General Stats

  • This quiz has been taken 28 times
  • The average score is 10 of 11

Answer Stats

QuestionAnswer% Correct
A country landlocked between Spain and France?Andorra
100%
This country is partially known for Baguettes?France
100%
Which Part of the UK voted against Independence in 2014?Scotland
100%
The island of Guernsey belongs to which european country?United Kingdom
100%
In what city is The Leaning Tower of Pisa located in?Pisa
93%
Capital of Lithuania?Vilnius
93%
The Capital of Serbia?Belgrade
89%
Which Part of Spain declared Independence?Catalonia
89%
This country went through a Euro Crisis?Greece
82%
The Capital of Montenegro?Podgorica
75%
This country speaks Majority Albanian, but they aren't Albania?Kosovo
71%

Score Distribution

Percentile by Number Answered

Percent of People with Each Score

Your Score History

You have not taken this quiz